000
00202nam a2200085Ia 4500
008
210107s9999 xx 000 0 und d
100
_a
Hudson,N.G and Allen,J.C
245
0
_a
Institute clauses
942
_c
BK
999
_c
10668
_d
10668